000
00261nam a2200121 4500
008
190306b xxu||||| |||| 00| 0 eng d
041
_a
eng
080
_2
6th
_a
617
100
_a
5
101
_a
KIR
245
_a
Textbook of Surgery
_c
Davis,L
942
_2
ddc
_c
BK
999
_c
54596
_d
54596